| 000 | 01229cam a2200361Mi 4500 | ||
|---|---|---|---|
| 001 | 51627 | ||
| 005 | 20230410105413.0 | ||
| 008 | 061011s2006 sp 000 0 spa d | ||
| 035 | _a(OCoLC)ocm74882065 | ||
| 040 |
_aPL# _bspa _cPL# |
||
| 020 | _a8477338477 | ||
| 020 | _a9788477338475 | ||
| 029 | 0 |
_aPL# _b060021626 |
|
| 035 | _a(OCoLC)74882065 | ||
| 041 | 0 | _aspaeng | |
| 050 | 1 | 4 |
_aHB 75 _bR769r 2006 |
| 100 | 1 | _aRoncaglia, Alessandro. | |
| 245 | 1 | 3 |
_aLa riqueza de las ideas : _buna historia del pensamiento económico / _cAlessandro Roncaglia; traducción de Jordi Pascual Escutia. |
| 250 | _a1a ed. | ||
| 260 |
_aZaragoza : _bPrensas Universitarias de Zaragoza, _c2006. |
||
| 300 |
_a778 p. ; _c21 cm. |
||
| 440 | 0 |
_aCiencias sociales / Prensas Universitarias de Zaragoza ; _v57 |
|
| 500 | _aTít. orig.: La ricchezza delle idee. | ||
| 504 | _aBibliografía: p. [673]-741. | ||
| 650 | 0 |
_aEconomics _xHistory. |
|
| 653 |
_aEconomía _aHistoria |
||
| 700 | 1 |
_aPascual Escutia, Jordi, _etr. |
|
| 938 |
_aPuvill Libros _bPUVL _n8477338477 _c$40.46 |
||
| 856 | 4 | 2 |
_3Más?... busque en WorldCat (solo desde FUNGLODE) _uwww.firstsearch.oclc.org/fsip |
| 942 |
_2lcc _cbk |
||
| 946 | _amfcruz | ||
| 994 |
_aC0 _bDRFGD |
||
| 999 |
_c35985 _d35985 |
||